[Event "Gibtelecom Masters"]
[Site "Gibraltar"]
[Date "2008.01.23"]
[Round "2.62"]
[White "Kvisla, Johannes Luangtep"]
[Black "Langer, Michael"]
[Result "1/2-1/2"]
[WhiteElo "2130"]
[BlackElo "2314"]
[PlyCount "148"]
[EventDate "2008.01.22"]

1. d4 Nf6 2. c4 c5 3. d5 e6 4. Nc3 exd5 5. cxd5 d6 6. e4 g6 7. f3 Bg7 8. Bg5 h6
9. Be3 O-O 10. Qd2 Kh7 11. Nge2 Nbd7 12. Ng3 Ne5 13. Be2 a6 14. a4 Rb8 15. O-O
Ng8 16. h3 Qe8 17. Rab1 Nd7 18. Nh1 Nb6 19. b3 Qe5 20. Rfc1 f5 21. f4 Qe7 22.
e5 dxe5 23. d6 Qd8 24. Bxc5 Be6 25. fxe5 Nd7 26. Nd5 Bxe5 27. Ba7 Bxd6 28. Bxb8
Qxb8 29. Nf2 Ngf6 30. Nxf6+ Nxf6 31. Qe3 Re8 32. Bf3 Bf4 33. Qb6 Bxc1 34. Rxc1
Re7 35. Re1 Qe8 36. Bxb7 Nd5 37. Qxa6 Nf4 38. Qd6 g5 39. Bc6 Qf7 40. g3 Ng6 41.
b4 Bb3 42. Rxe7 Nxe7 43. Nd3 Nxc6 44. Qxc6 Qe7 45. Qc5 Qe4 46. Nf2 Qf3 47. Qe7+
Kg8 48. Qd8+ Kh7 49. Qd3 Qxd3 50. Nxd3 Bxa4 51. Nc5 Bc6 52. Ne6 Kg6 53. Nd8 Bd7
54. Nb7 Kf6 55. Nc5 Bc6 56. Kf2 Ke5 57. h4 gxh4 58. gxh4 f4 59. Nb3 h5 60. Nd2
Kf5 61. Nf3 Bd5 62. Nh2 Bc4 63. Nf3 Ba6 64. Nh2 Bb5 65. Nf3 Kg4 66. Ne5+ Kf5
67. Nf3 Bd3 68. b5 Be4 69. Nd4+ Kg4 70. Ne6 Bd5 71. b6 f3 72. Nd4 Bb7 73. Nb5
Kxh4 74. Nd6 Bd5 1/2-1/2

[Event "Gibtelecom Masters"]
[Site "Gibraltar"]
[Date "2008.01.23"]
[Round "2.63"]
[White "Borg, Andrew"]
[Black "Vonthron, Horst"]
[Result "1/2-1/2"]
[WhiteElo "2127"]
[BlackElo "2308"]
[PlyCount "60"]
[EventDate "2008.01.22"]

1. Nf3 d5 2. d4 c5 3. c4 dxc4 4. Qa4+ Bd7 5. Qxc4 cxd4 6. Qxd4 Nc6 7. Qd1 e5 8.
Nc3 Nf6 9. e4 Bb4 10. Bd3 O-O 11. O-O Bg4 12. Bg5 Nd4 13. Bxf6 Qxf6 14. Nd5 Qd6
15. Be2 Bxf3 16. Bxf3 Rfc8 17. a3 Ba5 18. b4 Bd8 19. Bg4 Rc2 20. Qd3 g6 21. Bd1
Rc6 22. Ba4 Rcc8 23. Rac1 Bg5 24. Rc4 Rxc4 25. Qxc4 a6 26. Bb3 b5 27. Qd3 Nxb3
28. Qxb3 Rc8 29. Rd1 Rc1 30. Rxc1 Bxc1 1/2-1/2

[Event "Gibtelecom Masters"]
[Site "Gibraltar"]
[Date "2008.01.23"]
[Round "2.64"]
[White "Klinova, Masha"]
[Black "Goodger, Martyn"]
[Result "1/2-1/2"]
[WhiteElo "2315"]
[BlackElo "2113"]
[PlyCount "60"]
[EventDate "2008.01.22"]

1. e4 d5 2. exd5 Qxd5 3. Nc3 Qa5 4. d4 Nf6 5. Bc4 Bg4 6. Nge2 Nc6 7. Be3 O-O-O
8. f3 Be6 9. Bb3 Nd5 10. Bd2 Nxc3 11. Bxc3 Qg5 12. Bxe6+ fxe6 13. O-O e5 14. f4
exf4 15. Nxf4 e6 16. Qe2 Nxd4 17. Bxd4 Rxd4 18. Nxe6 Rd2 19. Qf3 Bc5+ 20. Kh1
Qd5 21. Qg4 Qd7 22. Rad1 Rxd1 23. Rxd1 Bd6 24. Qc4 Re8 25. Ng5 Qe7 26. Nf3 Qe2
27. Qxe2 Rxe2 28. Rd2 Rxd2 29. Nxd2 c6 30. g3 g6 1/2-1/2

[Event "Gibtelecom Masters"]
[Site "Gibraltar"]
[Date "2008.01.23"]
[Round "2.65"]
[White "Obers, Frits"]
[Black "Thomassen, Joachim"]
[Result "0-1"]
[WhiteElo "2094"]
[BlackElo "2308"]
[PlyCount "76"]
[EventDate "2008.01.22"]

1. c4 Nf6 2. Nc3 e6 3. d4 d5 4. cxd5 exd5 5. Bg5 Be7 6. e3 O-O 7. Bd3 Nbd7 8.
Qc2 c5 9. Nf3 c4 10. Bf5 g6 11. Bh3 Re8 12. O-O Nb6 13. Bxc8 Rxc8 14. Rad1 Ne4
15. Bxe7 Qxe7 16. Nd2 Nd6 17. Rfe1 Qg5 18. Nf1 Rc7 19. f3 f5 20. Qf2 Rf7 21.
Re2 Re6 22. Rde1 Qd8 23. Nd2 Kg7 24. a4 a5 25. b3 Rc7 26. bxc4 Ndxc4 27. Nb5
Rc8 28. Nxc4 Rxc4 29. e4 fxe4 30. fxe4 dxe4 31. Rxe4 Rxe4 32. Rxe4 Rxa4 33. Qe1
Nd5 34. Nc3 Rb4 35. Nxd5 Qxd5 36. Rf4 Qd6 37. Qe4 a4 38. h4 a3 0-1

[Event "Gibtelecom Masters"]
[Site "Gibraltar"]
[Date "2008.01.23"]
[Round "2.66"]
[White "Perman, Torvald"]
[Black "Rodriguez Lopez, Rafael"]
[Result "0-1"]
[WhiteElo "2092"]
[BlackElo "2285"]
[PlyCount "100"]
[EventDate "2008.01.22"]

1. c4 Nf6 2. g3 g6 3. Bg2 d5 4. cxd5 Nxd5 5. Nc3 Nb6 6. d3 Bg7 7. Be3 O-O 8.
Qc1 Re8 9. Bh6 Bh8 10. h4 N8d7 11. h5 Nf6 12. hxg6 hxg6 13. Nf3 c6 14. Qg5 Ng4
15. Qh4 Nxh6 16. Qxh6 Bg7 17. Qh7+ Kf8 18. Qh4 Nd5 19. Nxd5 Qxd5 20. O-O Qe6
21. d4 Qxe2 22. Rfe1 Qxb2 23. Reb1 Qc3 24. Rc1 Qd3 25. Rab1 Qf5 26. Ng5 Rd8 27.
Bh3 Qd5 28. Bxc8 Raxc8 29. Rxb7 Qxd4 30. Ne4 Rd7 31. Rxd7 Qxd7 32. Nc5 Qd5 33.
Qb4 Bd4 34. Qb7 Rd8 35. Nb3 c5 36. Qxa7 e5 37. Qc7 e4 38. Nxd4 cxd4 39. Rc5 Qd6
40. Kf1 d3 41. Qxd6+ Rxd6 42. Ke1 f5 43. a4 Rd4 44. a5 Ra4 45. g4 fxg4 46. Re5
Kf7 47. Rg5 Kf6 48. Rxg4 Kf5 49. f3 Rxa5 50. Rxe4 Re5 0-1

[Event "Gibtelecom Masters"]
[Site "Gibraltar"]
[Date "2008.01.23"]
[Round "2.68"]
[White "Werner, Dimo"]
[Black "Arvola, Benjamin"]
[Result "1-0"]
[WhiteElo "2293"]
[BlackElo "2062"]
[PlyCount "41"]
[EventDate "2008.01.22"]

1. d4 Nf6 2. c4 g6 3. Nc3 Bg7 4. e4 d6 5. h3 O-O 6. Bd3 e5 7. d5 a5 8. Nge2 Na6
9. Be3 Nh5 10. g4 Nf4 11. Nxf4 exf4 12. Bxf4 Nc5 13. Bc2 f5 14. gxf5 gxf5 15.
Rg1 Qh4 16. Qd4 Rf7 17. e5 Kf8 18. Ne2 Nd7 19. Rxg7 Rxg7 20. e6 Nf6 21. Bxd6+
1-0

[Event "Gibtelecom Masters"]
[Site "Gibraltar"]
[Date "2008.01.23"]
[Round "2.69"]
[White "Hughes, Roy"]
[Black "Revesz, Zoltan"]
[Result "0-1"]
[WhiteElo "2051"]
[BlackElo "2283"]
[PlyCount "80"]
[EventDate "2008.01.22"]

1. e4 e5 2. Nf3 Nc6 3. Bb5 a6 4. Ba4 Nf6 5. d3 b5 6. Bb3 Be7 7. c3 d6 8. Nbd2
Na5 9. Bc2 c5 10. Nf1 Qc7 11. Ng3 d5 12. O-O d4 13. Bd2 Nc6 14. Rc1 O-O 15. Qe2
Be6 16. cxd4 cxd4 17. Bb1 Nd7 18. Ng5 Bxg5 19. Bxg5 f6 20. Bd2 Qb6 21. Nf5 Bxf5
22. exf5 Rac8 23. Bc2 Nc5 24. b4 Nb7 25. Bb3+ Kh8 26. Rfe1 Nd6 27. Qh5 Ne7 28.
Be6 Rxc1 29. Rxc1 e4 30. dxe4 Nxe4 31. Rd1 Nxd2 32. Rxd2 Qd6 33. Rd3 h6 34. a3
Nc6 35. Qd1 Rd8 36. Qd2 Ne5 37. Rh3 Kh7 38. Qd1 d3 39. f4 Qd4+ 40. Kh1 Ng4 0-1

[Event "Gibtelecom Masters"]
[Site "Gibraltar"]
[Date "2008.01.23"]
[Round "2.70"]
[White "Greef, Melissa"]
[Black "Tscharotschkin, Michael"]
[Result "0-1"]
[WhiteElo "2025"]
[BlackElo "2272"]
[PlyCount "104"]
[EventDate "2008.01.22"]

1. e4 e6 2. d4 d5 3. Nc3 Bb4 4. e5 c5 5. a3 Ba5 6. b4 cxb4 7. Nb5 Nc6 8. Bd2
bxa3 9. Rxa3 Bxd2+ 10. Qxd2 Nh6 11. Nd6+ Kf8 12. Nf3 Nf5 13. Nxf5 exf5 14. Bd3
h6 15. h4 g6 16. O-O Kg7 17. c4 Be6 18. Rc1 Qe7 19. Ra4 Rhd8 20. Qb2 dxc4 21.
Bxc4 Bxc4 22. Raxc4 Rd5 23. Rb1 Rad8 24. Ra4 R8d7 25. Re1 b6 26. Rc4 Nd8 27. g3
Ne6 28. Kg2 Qd8 29. Rd1 Qa8 30. Kh2 b5 31. Rb4 a5 32. Ra1 Ra7 33. Rb3 b4 34.
Rc1 Rdd7 35. Rd3 Qd5 36. Ne1 Rac7 37. Rxc7 Rxc7 38. Ng2 Qe4 39. Rd2 Rc3 40. d5
Nd4 41. Kh1 Qxd5 42. Qb1 Qxe5 43. Ne3 Rb3 44. Rb2 Qe4+ 45. Qxe4 fxe4 46. Ra2
Ra3 47. Rb2 b3 48. Nc4 Ra2 49. Rb1 a4 50. Kg2 a3 51. Na5 b2 52. Nc4 Nb5 0-1

[Event "Gibtelecom Masters"]
[Site "Gibraltar"]
[Date "2008.01.23"]
[Round "2.71"]
[White "Getz, Nicolai"]
[Black "Bigg, Andrew J"]
[Result "0-1"]
[WhiteElo "2019"]
[BlackElo "2231"]
[PlyCount "108"]
[EventDate "2008.01.22"]

1. e4 e6 2. d4 d5 3. Nc3 Bb4 4. e5 Ne7 5. a3 Bxc3+ 6. bxc3 c5 7. Qg4 O-O 8. Bd3
f5 9. exf6 Rxf6 10. Bg5 Rf7 11. Qh5 g6 12. Qd1 Nbc6 13. Nf3 c4 14. Be2 Qf8 15.
Qd2 Nf5 16. O-O Bd7 17. Kh1 h6 18. Be3 g5 19. Ng1 Rg7 20. g4 Nd6 21. f3 Qe7 22.
Bf2 Rf8 23. Bg3 Be8 24. a4 h5 25. h3 Bg6 26. Rac1 hxg4 27. hxg4 Rh7+ 28. Kg2
Nd8 29. Qe3 N8f7 30. Nh3 Re8 31. Qd2 Kg7 32. Rh1 Reh8 33. Qe3 Kf8 34. a5 a6 35.
Rb1 Nb5 36. Rbc1 Rh6 37. Nxg5 Rxh1 38. Rxh1 Rxh1 39. Nxe6+ Kg8 40. Kxh1 Nd8 41.
f4 Be4+ 42. Kg1 Qxe6 43. f5 Qe7 44. Be5 Qh4 45. Bf3 Bxf3 46. Qxf3 Qe1+ 47. Kh2
Nxc3 48. Qh3 Qd2+ 49. Kh1 Qd1+ 50. Kh2 Qxc2+ 51. Kh1 Qc1+ 52. Kh2 Qd2+ 53. Kh1
Nf7 54. Qh5 Qh6 0-1

[Event "Gibtelecom Masters"]
[Site "Gibraltar"]
[Date "2008.01.23"]
[Round "2.72"]
[White "Zuse, Klaus-Peter"]
[Black "Gibson, Christopher A"]
[Result "1-0"]
[WhiteElo "2274"]
[BlackElo "2019"]
[PlyCount "99"]
[EventDate "2008.01.22"]

1. e4 c5 2. Nf3 d6 3. d4 cxd4 4. Nxd4 Nf6 5. Nc3 a6 6. Bg5 e6 7. f4 Be7 8. Qf3
Qc7 9. O-O-O Nbd7 10. g4 h6 11. Bxf6 Bxf6 12. h4 g5 13. hxg5 hxg5 14. Rxh8+
Bxh8 15. fxg5 Ne5 16. Qh3 Ng6 17. Nf5 Be5 18. Nh6 Bf4+ 19. Kb1 Bxg5 20. Qh5
Bxh6 21. Qxh6 Bd7 22. Qh2 Ke7 23. g5 Rh8 24. Qf2 Rh4 25. e5 d5 26. Rxd5 Rf4 27.
Qg1 Nxe5 28. Rd1 Bc6 29. Qc5+ Ke8 30. Bd3 Nxd3 31. cxd3 Rf5 32. Qg1 Qd7 33. g6
fxg6 34. Qxg6+ Qf7 35. Qg1 Kd7 36. Ne4 Qe7 37. Rc1 Rd5 38. Qg8 Rf5 39. Qb8 Rd5
40. Qa7 Kd8 41. Nc5 Ke8 42. Qb8+ Qd8 43. Qh2 Qe7 44. d4 Rf5 45. Rg1 Qf8 46.
Qb8+ Ke7 47. Qc7+ Ke8 48. Qc8+ Ke7 49. Qxe6+ Kd8 50. Rg8 1-0

[Event "Gibtelecom Masters"]
[Site "Gibraltar"]
[Date "2008.01.23"]
[Round "2.73"]
[White "Steel, Henry Robert"]
[Black "Pettersson, Anders"]
[Result "1/2-1/2"]
[WhiteElo "2241"]
[BlackElo "1984"]
[PlyCount "231"]
[EventDate "2008.01.22"]

1. e4 c5 2. Nf3 g6 3. d4 cxd4 4. Qxd4 Nf6 5. Nc3 Nc6 6. Qa4 d6 7. e5 dxe5 8.
Nxe5 Bd7 9. Nxd7 Qxd7 10. Be3 Bg7 11. Rd1 Qc8 12. Be2 O-O 13. O-O a6 14. Qh4
Rd8 15. Na4 Nd5 16. Bb6 Nc7 17. Rxd8+ Qxd8 18. Rd1 Qc8 19. Bf3 Ne6 20. Qc4 Ne5
21. Qxc8+ Rxc8 22. Bxb7 Rxc2 23. Bxa6 Nc4 24. Bxc4 Rxc4 25. Nc3 Bxc3 26. bxc3
Rxc3 27. a4 Ra3 28. a5 f6 29. g3 Kf7 30. Rd7 Ra4 31. Ra7 Nd4 32. Kg2 Nb5 33.
Ra8 Nd6 34. a6 Nb5 35. a7 Ra6 36. Be3 Ra5 37. Kf3 Ke6 38. Ke2 Ra3 39. Kd2 h5
40. Kc2 g5 41. Kb2 Ra5 42. Kb3 Nc7 43. Rd8 Ra6 44. h4 gxh4 45. gxh4 f5 46. Rh8
Kd7 47. Rxh5 f4 48. Bxf4 Rxa7 49. Rh7 Nd5 50. Bg5 Ke6 51. h5 Ra1 52. h6 Rh1 53.
Rg7 Nf6 54. f4 Nd5 55. Kc4 Nf6 56. Kd3 Rh2 57. Ke3 Rh1 58. Kf3 Rh2 59. Kg3 Rh1
60. Kf2 Rh2+ 61. Kg1 Rh3 62. Kg2 Rh5 63. Rg6 Kf5 64. Rg7 Ke6 65. Kg3 Rh1 66. h7
Nxh7 67. Rxe7+ Kf5 68. Bh4 Kg6 69. f5+ Kxf5 70. Rxh7 Rg1+ 71. Kf3 Rb1 72. Rh5+
Ke6 73. Bf2 Rb4 74. Bc5 Ra4 75. Ke3 Rg4 76. Bd4 Rg6 77. Re5+ Kd6 78. Ra5 Rg3+
79. Kf4 Rh3 80. Be5+ Kc6 81. Ra6+ Kc5 82. Ke4 Rh4+ 83. Bf4 Rh1 84. Ra2 Re1+ 85.
Be3+ Kc6 86. Ra6+ Kd7 87. Kd4 Rd1+ 88. Kc5 Ke7 89. Bd4 Rc1+ 90. Kd5 Kf7 91.
Rf6+ Ke7 92. Rg6 Rf1 93. Rh6 Rf3 94. Rh7+ Rf7 95. Rh8 Rf5+ 96. Be5 Kd7 97. Rh7+
Kc8 98. Ke6 Rf2 99. Rc7+ Kd8 100. Rb7 Rc2 101. Rg7 Kc8 102. Bd6 Re2+ 103. Kd5
Kd8 104. Bc7+ Kc8 105. Bb6 Rc2 106. Kd6 Rh2 107. Bc5 Rh6+ 108. Kd5 Kd8 109. Be3
Ra6 110. Rb7 Kc8 111. Rb5 Kd7 112. Bc5 Rh6 113. Rb7+ Ke8 114. Re7+ Kd8 115. Re6
Rxe6 116. Kxe6 1/2-1/2

[Event "Gibtelecom Masters"]
[Site "Gibraltar"]
[Date "2008.01.23"]
[Round "2.74"]
[White "Urbina Perez, Juan Antonio"]
[Black "Hamer, Martyn"]
[Result "1/2-1/2"]
[WhiteElo "2241"]
[BlackElo "1962"]
[PlyCount "127"]
[EventDate "2008.01.22"]

1. e4 c5 2. Nf3 Nc6 3. Bb5 g6 4. Bxc6 dxc6 5. d3 Bg7 6. h3 Nf6 7. Nc3 O-O 8.
Be3 b6 9. Qd2 Re8 10. Bh6 Bh8 11. O-O Nd7 12. Nh2 e5 13. f4 exf4 14. Qxf4 Ne5
15. Bg5 Qd4+ 16. Kh1 Be6 17. Qg3 a5 18. Be3 Qd8 19. Bf4 f6 20. Bxe5 fxe5 21.
Ng4 Bg7 22. Rf3 Qd6 23. Nf6+ Bxf6 24. Rxf6 Rf8 25. Raf1 Rxf6 26. Rxf6 Rf8 27.
Qf2 b5 28. Nd1 Kg7 29. Rxf8 Qxf8 30. Qxf8+ Kxf8 31. a3 c4 32. Kg1 cxd3 33. cxd3
Ke7 34. Kf2 Kd6 35. Ke3 Kc5 36. Kd2 g5 37. Ne3 b4 38. Nf5 Bf7 39. Nh6 Be6 40.
Kc2 Kd6 41. axb4 axb4 42. Nf5+ Kd7 43. g4 c5 44. Ng3 Ke7 45. Kd2 Bf7 46. Ke3
Bb3 47. Ke2 Be6 48. Nf5+ Kd7 49. Ke3 Bf7 50. h4 gxh4 51. Nxh4 Be6 52. Nf5 Bb3
53. Ke2 Bc2 54. Ne3 Bb3 55. g5 Be6 56. Kf3 Bf7 57. Kg4 Ke6 58. Nc4 Be8 59. Kh4
Bf7 60. Na5 Kd7 61. Kg4 Bg6 62. Nc4 Ke6 63. Ne3 Kd6 64. Nc4+ 1/2-1/2

[Event "Gibtelecom Masters"]
[Site "Gibraltar"]
[Date "2008.01.23"]
[Round "2.75"]
[White "Narayanan, Srinath"]
[Black "Matthews, Adrian M S"]
[Result "1-0"]
[WhiteElo "2210"]
[BlackElo "1920"]
[PlyCount "83"]
[EventDate "2008.01.22"]

1. e4 c5 2. Nf3 Nc6 3. d4 cxd4 4. Nxd4 Nf6 5. Nc3 e5 6. Ndb5 d6 7. Bg5 a6 8.
Na3 b5 9. Bxf6 gxf6 10. Nd5 Bg7 11. g3 Ne7 12. Bg2 Rb8 13. Nxe7 Qxe7 14. c3 f5
15. exf5 Bxf5 16. Nc2 O-O 17. O-O Be6 18. Ne3 f5 19. Bd5 f4 20. Bxe6+ Qxe6 21.
Qd5 Qxd5 22. Nxd5 a5 23. Rad1 Kh8 24. Rfe1 fxg3 25. hxg3 b4 26. c4 b3 27. a3 e4
28. Rd2 Rbe8 29. Nc7 Re7 30. Nb5 e3 31. Rxe3 Rxe3 32. fxe3 Rf3 33. Nxd6 Rxe3
34. Kf2 Re6 35. c5 Rf6+ 36. Kg2 Bf8 37. Rf2 Rxf2+ 38. Kxf2 Kg8 39. Ke3 Be7 40.
Kd3 Bf6 41. c6 Bd8 42. Nb5 1-0

[Event "Gibtelecom Masters"]
[Site "Gibraltar"]
[Date "2008.01.23"]
[Round "2.76"]
[White "Reppen, Ellisiv"]
[Black "Lyell, Mark"]
[Result "0-1"]
[WhiteElo "1918"]
[BlackElo "2221"]
[PlyCount "82"]
[EventDate "2008.01.22"]

1. e4 e5 2. Nf3 Nc6 3. Bb5 f5 4. d3 Nf6 5. Qe2 Bc5 6. Bxc6 dxc6 7. exf5 O-O 8.
Be3 Bxe3 9. fxe3 e4 10. dxe4 Nxe4 11. Qc4+ Qd5 12. Qxd5+ cxd5 13. g4 g6 14. Rg1
gxf5 15. gxf5+ Kh8 16. Nh4 Bxf5 17. Nd2 Nxd2 18. Kxd2 Be4 19. Raf1 Rxf1 20.
Rxf1 Rg8 21. Rf7 Rg4 22. Rf4 Rxf4 23. exf4 Kg7 24. c3 Kf6 25. Ke3 c5 26. a3 b6
27. c4 Ke6 28. cxd5+ Bxd5 29. Kd3 a5 30. Kc3 b5 31. Kc2 b4 32. Kd2 Kf6 33. Ke3
c4 34. axb4 axb4 35. Kd4 c3 36. bxc3 b3 37. Kd3 Be4+ 38. Kxe4 b2 39. Nf3 b1=Q+
40. Kd4 Qd1+ 41. Ke3 Qc1+ 0-1

[Event "Gibtelecom Masters"]
[Site "Gibraltar"]
[Date "2008.01.23"]
[Round "2.77"]
[White "Nadig, Kruttika"]
[Black "Lode, Marius"]
[Result "1/2-1/2"]
[WhiteElo "2208"]
[BlackElo "1822"]
[PlyCount "135"]
[EventDate "2008.01.22"]

1. e4 e6 2. d4 d5 3. Nc3 Nc6 4. e5 f6 5. Bd3 Nxd4 6. Qh5+ Kd7 7. Be3 Nc6 8.
Nxd5 Nxe5 9. Bb5+ c6 10. O-O-O exd5 11. Rxd5+ Bd6 12. Bc5 Nc4 13. Qg4+ Kc7 14.
Qxg7+ Qe7 15. Bxd6+ Nxd6 16. Qxh8 cxd5 17. Nf3 Qf7 18. Nd4 Bd7 19. Bd3 Ne4 20.
Re1 Re8 21. f3 Ne7 22. Qxe8 Bxe8 23. fxe4 dxe4 24. Rxe4 Bd7 25. b3 Kb8 26. Bc4
Qg7 27. Re2 f5 28. Nf3 Nc6 29. Kb1 Nd4 30. Nxd4 Qxd4 31. g3 Qd6 32. Bd3 Kc7 33.
a4 Kb6 34. Rf2 Qd4 35. Rf1 Qe5 36. Ka2 Kc5 37. Rf4 Kd6 38. Rh4 Qg7 39. Rf4 Qg5
40. Kb1 Ke5 41. Kb2 Qg6 42. Rb4 Bc6 43. Kc3 Be4 44. Rb5+ Kd6 45. Bxe4 fxe4 46.
Kd4 b6 47. Rd5+ Kc6 48. Re5 Qh6 49. Rxe4 Qxh2 50. Re3 Qxc2 51. Rc3+ Qxc3+ 52.
Kxc3 Kc5 53. b4+ Kd5 54. b5 Kc5 55. g4 h6 56. Kb3 Kd4 57. a5 Ke3 58. Kc4 Kf4
59. axb6 axb6 60. Kd5 Kxg4 61. Kc6 h5 62. Kxb6 h4 63. Kc7 h3 64. b6 h2 65. b7
h1=Q 66. b8=Q Qh2+ 67. Kb7 Qxb8+ 68. Kxb8 1/2-1/2

[Event "Gibtelecom Masters"]
[Site "Gibraltar"]
[Date "2008.01.23"]
[Round "2.78"]
[White "Kulago, Alexander"]
[Black "Kuenitz, Klaus"]
[Result "0-1"]
[WhiteElo "2206"]
[BlackElo "1645"]
[PlyCount "62"]
[EventDate "2008.01.22"]

1. Nf3 f5 2. d4 g6 3. g3 Nf6 4. Bg2 Bg7 5. O-O O-O 6. c4 d6 7. Nc3 Qe8 8. d5
Na6 9. Nd4 Nc5 10. b4 Nce4 11. Nxe4 Nxe4 12. Bb2 c5 13. dxc6 bxc6 14. Qc2 Rb8
15. f3 Ng5 16. h4 Nf7 17. Bc3 e5 18. Nb3 Qe7 19. f4 Bd7 20. e4 Bh6 21. exf5
Bxf5 22. Be4 Bh3 23. Rfe1 exf4 24. Nd4 fxg3 25. Nxc6 Qxh4 26. Bxg6 Bg7 27. Ne7+
Kh8 28. Bxg7+ Kxg7 29. Re4 Qf6 30. Bh5 Qxa1+ 31. Bd1 Qf6 0-1

[Event "Gibtelecom Masters"]
[Site "Gibraltar"]
[Date "2008.01.23"]
[Round "2.82"]
[White "Vasvari, Tamas"]
[Black "Marks, Ian A"]
[Result "1-0"]
[WhiteElo "2174"]
[BlackElo "1919"]
[PlyCount "49"]
[EventDate "2008.01.22"]

1. e4 c5 2. Nf3 d6 3. d4 cxd4 4. Nxd4 Nf6 5. Nc3 a6 6. Bg5 e6 7. f4 Nc6 8. Nxc6
bxc6 9. e5 h6 10. Bh4 g5 11. fxg5 Nd5 12. Ne4 Qb6 13. Bd3 dxe5 14. Bf2 Qxb2 15.
O-O hxg5 16. g3 Be7 17. c4 Nc3 18. Qf3 Bd7 19. Nf6+ Kd8 20. Rac1 Rc8 21. Rc2
Qa3 22. Bb6+ Rc7 23. Bxc7+ Kxc7 24. Kh1 Qb4 25. Qe3 1-0

[Event "Gibtelecom Masters"]
[Site "Gibraltar"]
[Date "2008.01.23"]
[Round "2.83"]
[White "Erichsen, Dan"]
[Black "Elsace, Daniel Yarur"]
[Result "1-0"]
[WhiteElo "2169"]
[BlackElo "1845"]
[PlyCount "65"]
[EventDate "2008.01.22"]

1. e4 e5 2. Nf3 d6 3. d4 exd4 4. Nxd4 Nf6 5. Nc3 Be7 6. Be3 O-O 7. Qd2 Re8 8.
O-O-O c5 9. Nb3 Nc6 10. h3 Be6 11. g4 Nd7 12. f4 f6 13. Nd5 Bf8 14. Rg1 a5 15.
a4 Bf7 16. Nc3 Kh8 17. g5 fxg5 18. Rxg5 Nf6 19. Qg2 Qe7 20. e5 Bxb3 21. cxb3
dxe5 22. Bc4 h6 23. Rg6 Nd4 24. fxe5 Qxe5 25. Bxh6 Nh5 26. Bd2 Qf5 27. Rh6+ Qh7
28. Rxh7+ Kxh7 29. Rf1 Rad8 30. Qg4 Re5 31. Bg5 Nf6 32. Bxf6 gxf6 33. Qg8+ 1-0

[Event "Gibtelecom Masters"]
[Site "Gibraltar"]
[Date "2008.01.23"]
[Round "2.84"]
[White "Matto, Manuel"]
[Black "Mundaca, Juan Carlos"]
[Result "0-1"]
[WhiteElo "1886"]
[BlackElo "2162"]
[PlyCount "108"]
[EventDate "2008.01.22"]

1. d4 f5 2. c4 g6 3. Nc3 Nf6 4. Nf3 Bg7 5. e3 d6 6. Bd3 Nc6 7. a3 O-O 8. Bb1 e5
9. d5 Ne7 10. Ba2 h6 11. Bd2 Kh8 12. Qc2 c5 13. h3 e4 14. Ng1 a6 15. Nge2 Bd7
16. f3 Neg8 17. O-O-O b5 18. Nf4 Qe8 19. cxb5 axb5 20. fxe4 b4 21. exf5 Bxf5
22. e4 Nxe4 23. Nxe4 Bxe4 24. Qb3 c4 25. Qe3 c3 26. bxc3 bxc3 27. Bxc3 Rc8 28.
Ne2 Qa4 29. Kd2 Rxc3 30. Nxc3 Qc2+ 31. Ke1 Bxc3+ 32. Rd2 Bxd2+ 33. Qxd2 Qxd2+
34. Kxd2 Bxg2 35. Re1 Rf2+ 36. Re2 Rxe2+ 37. Kxe2 Bxh3 38. a4 Nf6 39. Kd3 h5
40. a5 Bc8 41. Bc4 Nd7 42. Ke3 Nc5 43. Kf4 Kg7 44. Be2 Kf6 45. Bf1 g5+ 46. Ke3
Ke5 47. Bc4 Bb7 48. Be2 g4 49. Bc4 Bxd5 50. Bb5 Bb7 51. Be8 h4 52. Bh5 g3 53.
Bf3 Bxf3 54. Kxf3 d5 0-1

[Event "Gibtelecom Masters"]
[Site "Gibraltar"]
[Date "2008.01.23"]
[Round "2.86"]
[White "Arnott, Jonathan W"]
[Black "Gonzalez Amaya, Millan"]
[Result "1-0"]
[WhiteElo "2117"]
[BlackElo "1823"]
[PlyCount "33"]
[EventDate "2008.01.22"]

1. e4 e5 2. d4 exd4 3. Nf3 Nc6 4. Bc4 Bb4+ 5. c3 dxc3 6. bxc3 Be7 7. Qd5 Nh6 8.
Bxh6 O-O 9. Be3 d6 10. O-O Be6 11. Qd3 Bg4 12. Nbd2 Bf6 13. Bd4 Bxd4 14. cxd4
Qf6 15. Rab1 Ne7 16. Rxb7 c5 17. e5 1-0

[Event "Gibtelecom Masters"]
[Site "Gibraltar"]
[Date "2008.01.23"]
[Round "2.87"]
[White "Danielmeier, Ralf"]
[Black "Jacobsen, Maria Pitz"]
[Result "1/2-1/2"]
[WhiteElo "2112"]
[BlackElo "1799"]
[PlyCount "61"]
[EventDate "2008.01.22"]

1. e4 c5 2. Nc3 Nc6 3. g3 g6 4. Bg2 Bg7 5. d3 d6 6. Be3 e5 7. Qd2 Be6 8. Nd5
Qd7 9. Ne2 Nf6 10. Bh6 Bxh6 11. Nxf6+ Ke7 12. Qxh6 Kxf6 13. f4 Ke7 14. O-O Rhg8
15. Rf2 f5 16. Nc3 Ke8 17. Nd5 Bxd5 18. exd5 Nd8 19. fxe5 Nf7 20. Qe3 Nxe5 21.
b4 b6 22. bxc5 bxc5 23. c3 Kf7 24. Rb2 Rab8 25. Rab1 Rxb2 26. Rxb2 Re8 27. Bf1
Kg7 28. Qf4 Nf7 29. Re2 Rxe2 30. Bxe2 Qb7 31. Qa4 1/2-1/2

[Event "Gibtelecom Masters"]
[Site "Gibraltar"]
[Date "2008.01.24"]
[Round "3.1"]
[White "Al-Modiahki, Mohamad"]
[Black "Bu, Xiangzhi"]
[Result "1/2-1/2"]
[WhiteElo "2569"]
[BlackElo "2691"]
[PlyCount "63"]
[EventDate "2008.01.22"]

1. e4 c5 2. Nf3 Nc6 3. Bb5 d6 4. O-O Bd7 5. c3 Nf6 6. Re1 a6 7. Bf1 Bg4 8. h3
Bxf3 9. Qxf3 g6 10. d3 Bg7 11. Qd1 e5 12. g3 O-O 13. Bg2 Qd7 14. Na3 b5 15. Nc2
d5 16. exd5 Nxd5 17. a4 Rad8 18. axb5 axb5 19. Bg5 f6 20. Be3 Nxe3 21. Nxe3 Kh8
22. Qb3 Rb8 23. Ra6 Rfc8 24. Qd5 Qxd5 25. Nxd5 f5 26. Nb6 Rc7 27. Na8 Ra7 28.
Rxc6 Raxa8 29. Rxc5 Ra2 30. b4 Rc2 31. Bc6 Bf8 32. Rxb5 1/2-1/2

[Event "Gibtelecom Masters"]
[Site "Gibraltar"]
[Date "2008.01.24"]
[Round "3.4"]
[White "Georgiev, Kiril"]
[Black "Felgaer, Ruben"]
[Result "1/2-1/2"]
[WhiteElo "2662"]
[BlackElo "2539"]
[PlyCount "113"]
[EventDate "2008.01.22"]

1. d4 d5 2. c4 c6 3. Nf3 Nf6 4. Nc3 dxc4 5. a4 Bf5 6. Ne5 Nbd7 7. Nxc4 Qc7 8.
g3 e5 9. dxe5 Nxe5 10. Bf4 Nfd7 11. Bg2 f6 12. O-O Rd8 13. Qc1 Be6 14. Nxe5
Nxe5 15. a5 a6 16. Ne4 Bb4 17. Nc5 Bc8 18. Qc4 Nxc4 19. Bxc7 Bxc5 20. Bxd8 Kxd8
21. Rfc1 Be6 22. b3 Nxa5 23. Rxa5 Bb4 24. Raa1 a5 25. Rab1 Kc7 26. Be4 h6 27.
f3 Rd8 28. Kf2 Rd6 29. Bd3 Kb8 30. Bc4 Bc5+ 31. Kg2 Bf5 32. Ra1 Be3 33. Rd1
Rxd1 34. Rxd1 Kc7 35. f4 Bc2 36. Ra1 b5 37. Bd3 Bxb3 38. Rxa5 Bd5+ 39. Kf1 b4
40. Ke1 Kb6 41. Ra8 Kc5 42. Kd1 Kd4 43. Kc2 b3+ 44. Kb1 c5 45. Rd8 c4 46. Bg6
c3 47. Rxd5+ Kxd5 48. Bf7+ Kd4 49. Bxb3 Bg1 50. h4 Bh2 51. g4 Bxf4 52. Kc2 g6
53. Bf7 f5 54. g5 hxg5 55. hxg5 Bxg5 56. Bxg6 f4 57. Bh5 1/2-1/2

[Event "Gibtelecom Masters"]
[Site "Gibraltar"]
[Date "2008.01.24"]
[Round "3.8"]
[White "Banikas, Hristos"]
[Black "Berczes, David"]
[Result "1-0"]
[WhiteElo "2592"]
[BlackElo "2429"]
[PlyCount "63"]
[EventDate "2008.01.22"]

1. Nf3 Nf6 2. c4 e6 3. Nc3 c5 4. g3 b6 5. Bg2 Bb7 6. O-O Be7 7. d4 cxd4 8. Qxd4
d6 9. Bg5 a6 10. Rfd1 Nbd7 11. Qd2 Rc8 12. Bf4 Rxc4 13. Bxd6 Rc8 14. Ng5 Bxg2
15. Kxg2 O-O 16. Nge4 Rc6 17. Rac1 Bxd6 18. Nxd6 Ne5 19. Qd4 Qa8 20. f3 Neg4
21. Nde4 Rc4 22. Nxf6+ gxf6 23. Qd2 Kg7 24. b3 Rc5 25. Ne4 Rh5 26. Qf4 Rxh2+
27. Kg1 f5 28. fxg4 Rxe2 29. Nf2 Kh8 30. gxf5 e5 31. Qh6 Rg8 32. Qf6+ 1-0

[Event "Gibtelecom Masters"]
[Site "Gibraltar"]
[Date "2008.01.24"]
[Round "3.10"]
[White "Ni Hua"]
[Black "Dzagnidze, Nana"]
[Result "1-0"]
[WhiteElo "2680"]
[BlackElo "2429"]
[PlyCount "63"]
[EventDate "2008.01.22"]

1. e4 c5 2. Nf3 d6 3. d4 cxd4 4. Nxd4 Nf6 5. Nc3 a6 6. Be3 e6 7. Be2 Be7 8. Qd2
b5 9. Bf3 b4 10. Na4 O-O 11. e5 Nd5 12. Nf5 dxe5 13. Nxe7+ Qxe7 14. Bc5 Qe8 15.
Bxd5 exd5 16. Nb6 Nd7 17. Nxd7 Qxd7 18. Bxf8 Kxf8 19. Qxb4+ Kg8 20. O-O Bb7 21.
Rfe1 f6 22. f4 e4 23. Rad1 Qc7 24. Rd4 Rc8 25. c4 dxc4 26. Red1 e3 27. Qd6 Qxd6
28. Rxd6 Be4 29. Rd8+ Rxd8 30. Rxd8+ Kf7 31. Rd6 Bd3 32. Rxa6 1-0